| 000 | 00666nam a2200217 a 4500 | ||
|---|---|---|---|
| 005 | 20250513063840.0 | ||
| 008 | 070829s2004 mx r 000 0 spa d | ||
| 020 | _a8478273549 | ||
| 035 | _aUPN01000151592 | ||
| 049 | _aCG | ||
| 050 | 4 |
_aBF511 _bH6.3 |
|
| 100 | 1 |
_aHorno Goicoechea, Pepa _934173 |
|
| 245 | 1 | 0 |
_aEducando el afecto : _breflexiones para familias, profesorado, pediatras -- / _cPepa Horno Goicoechea. |
| 260 |
_aBarcelona, Esp. : _bGraó, _c2004. |
||
| 300 | _a142 p. | ||
| 440 | 0 |
_aFamilia y educación ; _v2 |
|
| 650 | 2 |
_aAfecto (psicología) _92029 |
|
| 650 | 2 |
_aVínculo _94292 |
|
| 650 | 4 |
_aRelaciones interpersonales _91551 |
|
| 905 | _aLibro | ||
| 999 |
_c123728 _d123728 |
||